| 000 | 00400nam a2200169Ia 4500 | ||
|---|---|---|---|
| 008 | 210707s1974 xx 000 0 und d | ||
| 041 | _aeng | ||
| 082 | _a954.01 MAJA | ||
| 100 | _aMAJUMDAR (R C) | ||
| 245 | _aAncient India. Ed 7. | ||
| 250 | _a7 | ||
| 260 |
_aDelhi. _bMotilal Banarsidass., _c1974 |
||
| 300 | _axvi,538,xix p | ||
| 365 |
_b38 _cINR |
||
| 563 | _aHB | ||
| 650 | _aIndian History | ||
| 999 |
_c180031 _d180031 |
||